[Event "Guernsey op 46th"]
[Site "St James"]
[Date "2022.10.19"]
[Round "4"]
[White "Goman, Colin"]
[Black "Downey, Keith"]
[Result "0-1"]
[WhiteElo "1619"]
[BlackElo "1808"]
[PlyCount "108"]
[EventDate "2022.10.16"]
[EventType "swiss"]
[EventRounds "7"]
[EventCountry "GCI"]
[SourceTitle "EXT 2024"]
[Source "ChessBase"]
[SourceDate "2023.10.10"]
[SourceVersion "1"]
[SourceVersionDate "2023.10.10"]
[SourceQuality "1"]

1. d4 Nf6 2. c4 e6 3. Nf3 b6 4. e3 Bb7 5. Bd3 d5 6. b3 Nbd7 7. 0-0 Bd6 8. Nbd2 0-0 9. Qc2 c5 10. e4 cxd4 11. Nxd4 Rc8 12. Re1 h6 13. exd5 Nxd5 14. Be4 Nb4 15. Qd1 Bxe4 16. Nxe4 Be7 17. a3 Nc6 18. Nf3 Nf6 19. Qe2 Nxe4 20. Qxe4 Bf6 21. Ra2 Qe7 22. a4 Rfd8 23. Ba3 Qc7 24. Bb2 Bxb2 25. Rxb2 Rd7 26. Rd2 Rcd8 27. Rxd7 Qxd7 28. h3 Qd6 29. Kh1 Rd7 30. Kg1 Rd8 31. Kh1 Na5 32. Qc2 Qb4 33. Re3 Nc6 34. Kg1 Nd4 35. Nxd4 Rxd4 36. Rd3 Qe1+ 37. Kh2 Qe4 38. Rc3 Qf4+ 39. Kg1 Qd6 40. g3 Rd1+ 41. Kh2 Rd2 42. Qe4 Rxf2+ 43. Kg1 Rd2 44. Qa8+ Kh7 45. Qe4+ g6 46. Re3 Rd1+ 47. Kg2 Qd2+ 48. Re2 Qc1 49. g4 Rg1+ 50. Kf3 Qf1+ 51. Rf2 Qd1+ 52. Kf4 Qd6+ 53. Kf3 Kg7 54. Qe3 Rg3+ 0-1

[Event "Guernsey op 46th"]
[Site "St James"]
[Date "2022.10.16"]
[Round "1"]
[White "Goman, Colin"]
[Black "Heppell, Ian"]
[Result "0-1"]
[WhiteElo "1619"]
[BlackElo "1999"]
[PlyCount "66"]
[EventDate "2022.10.16"]
[EventType "swiss"]
[EventRounds "7"]
[EventCountry "GCI"]
[SourceTitle "EXT 2024"]
[Source "ChessBase"]
[SourceDate "2023.10.10"]
[SourceVersion "1"]
[SourceVersionDate "2023.10.10"]
[SourceQuality "1"]

1. d4 d6 2. Nf3 f5 3. c4 Nf6 4. Bf4 g6 5. Nbd2 Bg7 6. h3 0-0 7. e3 Qe8 8. Qc2 Nc6 9. Bh2 e5 10. d5 Nb4 11. Qb3 Na6 12. Qc2 Nb4 13. Qb3 a5 14. a3 Na6 15. Rd1 Nc5 16. Qc2 a4 17. Be2 f4 18. exf4 Bf5 19. Qc1 exf4 20. Bxf4 Nd3+ 21. Kf1 Nxc1 22. Rxc1 Ne4 23. Nb1 Bxb2 24. Rc2 Ng3+ 25. Bxg3 Bxc2 26. Nbd2 Qe7 27. Bh4 Bf6 28. g3 Rae8 29. Bxf6 Qxe2+ 30. Kg2 Rxf6 31. Re1 Qxe1 32. Nxe1 Rxe1 33. Nf3 Be4 0-1

[Event "Guernsey Holiday op 43rd"]
[Site "Guernsey"]
[Date "2017.10.21"]
[Round "7"]
[White "Goman, Colin"]
[Black "Jongerius, Marc"]
[Result "0-1"]
[WhiteElo "1714"]
[BlackElo "1588"]
[PlyCount "53"]
[EventDate "2017.10.15"]
[EventType "swiss"]
[EventRounds "7"]
[EventCountry "GCI"]
[SourceTitle "EXT 2020"]
[Source "ChessBase"]
[SourceDate "2019.10.17"]
[SourceVersion "1"]
[SourceVersionDate "2019.10.17"]
[SourceQuality "1"]

1. d4 Nf6 2. Nf3 g6 3. Nbd2 d5 4. e3 Bg7 5. Bd3 0-0 6. 0-0 Nbd7 7. c3 c5 8. e4 cxd4 9. Nxd4 Nc5 10. Qe2 Nxd3 11. Qxd3 dxe4 12. Nxe4 e5 13. Bg5 exd4 14. Qf3 Bf5 15. Nxf6+ Bxf6 16. Bxf6 Qxf6 17. cxd4 Qxd4 18. Qxb7 Rab8 19. Qc7 Rxb2 20. Rad1 Qb6 21. Qxb6 axb6 22. Rd6 Ra8 23. h3 Raxa2 24. Re1 Rxf2 25. Ra1 Rxg2+ 26. Kf1 Rxa1+ 27. Kxg2 0-1

[Event "Guernsey Holiday op 43rd"]
[Site "Guernsey"]
[Date "2017.10.18"]
[Round "4"]
[White "Baart, Edwin"]
[Black "Goman, Colin"]
[Result "1/2-1/2"]
[WhiteElo "1816"]
[BlackElo "1714"]
[PlyCount "108"]
[EventDate "2017.10.15"]
[EventType "swiss"]
[EventRounds "7"]
[EventCountry "GCI"]
[SourceTitle "EXT 2020"]
[Source "ChessBase"]
[SourceDate "2019.10.17"]
[SourceVersion "1"]
[SourceVersionDate "2019.10.17"]
[SourceQuality "1"]

1. d4 d6 2. e4 Nf6 3. Nc3 g6 4. Nf3 Bg7 5. Be3 0-0 6. Qd2 a6 7. 0-0-0 b6 8. Bh6 Bb7 9. Bxg7 Kxg7 10. Bd3 c5 11. e5 Nd5 12. Ne4 Nb4 13. exd6 Nxa2+ 14. Kb1 Nb4 15. dxc5 bxc5 16. c3 Nxd3 17. Qxd3 Bxe4 18. Qxe4 Ra7 19. dxe7 Rxe7 20. Qh4 Qc7 21. Rd2 Rd7 22. Rhd1 Rfd8 23. Qg5 Rxd2 24. Rxd2 Rxd2 25. Qxd2 Nd7 26. Qe2 Qd6 27. Kc2 Nf6 28. h3 Qc6 29. Kc1 Qa4 30. Ne1 Qa1+ 31. Kc2 Qa4+ 32. Kb1 Qe4+ 33. Qxe4 Nxe4 34. f3 Nd2+ 35. Kc2 Nc4 36. b3 Ne3+ 37. Kd3 Nd1 38. Kc4 Kf6 39. g3 h5 40. Nd3 Ne3+ 41. Kxc5 Nf5 42. g4 hxg4 43. hxg4 Nh4 44. f4 Ng2 45. Kb6 g5 46. fxg5+ Kxg5 47. Ne5 f6 48. Nd7 Ne3 49. Nxf6 Kxf6 50. Kxa6 Nxg4 51. c4 Ne5 52. c5 Ke6 53. b4 Kd5 54. Kb6 Nc4+ 1/2-1/2

[Event "Guernsey Holiday op 43rd"]
[Site "Guernsey"]
[Date "2017.10.15"]
[Round "1"]
[White "Goman, Colin"]
[Black "Svenneling, Matz"]
[Result "1/2-1/2"]
[WhiteElo "1714"]
[BlackElo "1448"]
[PlyCount "92"]
[EventDate "2017.10.15"]
[EventType "swiss"]
[EventRounds "7"]
[EventCountry "GCI"]
[SourceTitle "EXT 2020"]
[Source "ChessBase"]
[SourceDate "2019.10.17"]
[SourceVersion "1"]
[SourceVersionDate "2019.10.17"]
[SourceQuality "1"]

1. d4 Nf6 2. e3 c6 3. Nf3 d5 4. Bd3 Bg4 5. 0-0 Nbd7 6. Nbd2 Qc7 7. e4 dxe4 8. Nxe4 e6 9. Bg5 Be7 10. Nxf6+ Nxf6 11. Be2 0-0 12. Ne5 Bxe2 13. Qxe2 Nd5 14. Bxe7 Qxe7 15. f4 c5 16. c4 Nf6 17. dxc5 Qxc5+ 18. Kh1 Rad8 19. Rad1 Rd4 20. b3 Rfd8 21. Rxd4 Qxd4 22. h3 Ne4 23. Kh2 Nd2 24. Rf2 f6 25. Ng4 Ne4 26. Rf1 e5 27. fxe5 fxe5 28. Qf3 Ng5 29. Qxb7 e4 30. Qe7 Qd2 31. h4 Nf3+ 32. Kh3 Rf8 33. gxf3 exf3 34. Nh6+ Qxh6 35. Qxa7 Qe6+ 36. Kh2 Qe2+ 37. Qf2 Qe5+ 38. Qg3 Rf4 39. Kh1 Qe2 40. Rg1 Rf7 41. Qe1 Qxa2 42. Qe8+ Rf8 43. Qe6+ Kh8 44. Qe5 Rg8 45. Rxg7 Rxg7 46. Qe8+ Rg8 1/2-1/2

[Event "Guernsey Holiday op 39th"]
[Site "Guernsey"]
[Date "2013.10.26"]
[Round "7"]
[White "Goman, Colin"]
[Black "Dokter, Marike"]
[Result "1/2-1/2"]
[WhiteElo "1556"]
[BlackElo "1552"]
[PlyCount "41"]
[EventDate "2013.10.20"]
[EventType "swiss"]
[EventRounds "7"]
[EventCountry "GCI"]
[SourceTitle "EXT 2022"]
[Source "ChessBase"]
[SourceDate "2021.10.06"]
[SourceVersion "1"]
[SourceVersionDate "2021.10.06"]
[SourceQuality "1"]

1. d4 d5 2. Nf3 Bg4 3. e3 e6 4. Bd3 Nf6 5. Nbd2 c5 6. c3 cxd4 7. exd4 Be7 8. 0-0 0-0 9. Qc2 Nbd7 10. Ng5 g6 11. f4 Bf5 12. Ndf3 Bxd3 13. Qxd3 Nh5 14. g4 Ng7 15. Nh3 Nf6 16. Ne5 Ne4 17. Nf2 Nxf2 18. Rxf2 f5 19. g5 Rc8 20. b4 a6 21. a3 1/2-1/2

[Event "Guernsey Holiday op 39th"]
[Site "Guernsey"]
[Date "2013.10.21"]
[Round "2"]
[White "Goman, Colin"]
[Black "Adrian, Lucien"]
[Result "1-0"]
[WhiteElo "1556"]
[BlackElo "1383"]
[PlyCount "119"]
[EventDate "2013.10.20"]
[EventType "swiss"]
[EventRounds "7"]
[EventCountry "GCI"]
[SourceTitle "EXT 2022"]
[Source "ChessBase"]
[SourceDate "2021.10.06"]
[SourceVersion "1"]
[SourceVersionDate "2021.10.06"]
[SourceQuality "1"]

1. d4 e6 2. e4 d5 3. Nd2 Nc6 4. c3 dxe4 5. Nxe4 Nf6 6. Bg5 Be7 7. Nxf6+ Bxf6 8. Bxf6 Qxf6 9. Qf3 Qh6 10. Bb5 Bd7 11. Ne2 0-0 12. 0-0 e5 13. d5 Nb8 14. Bxd7 Nxd7 15. Ng3 Nf6 16. Nf5 Qf4 17. Qxf4 exf4 18. c4 a6 19. Rfe1 Rfe8 20. f3 b5 21. b3 bxc4 22. bxc4 Rab8 23. Rxe8+ Rxe8 24. Kf2 g6 25. Nd4 Re3 26. Rc1 g5 27. g3 Ra3 28. Rc2 Nd7 29. gxf4 gxf4 30. Re2 Rc3 31. Re4 Rxc4 32. Rxf4 Ra4 33. Rg4+ Kf8 34. Ne6+ fxe6 35. Rxa4 Nc5 36. Rc4 Nd3+ 37. Ke3 Ne5 38. Rxc7 exd5 39. Rxh7 Nc4+ 40. Kd4 Nd2 41. f4 Kg8 42. Ra7 Nf3+ 43. Kxd5 Nxh2 44. Rxa6 Ng4 45. Rg6+ Kf8 46. Rxg4 Ke8 47. Kd6 Kf7 48. f5 Kf6 49. Rf4 Kg7 50. a3 Kf6 51. a4 Kg7 52. a5 Kf8 53. a6 Kf7 54. a7 Kf6 55. a8Q Kf7 56. Qd5+ Kf6 57. Qe6+ Kg5 58. Rf1 Kg4 59. Qg8+ Kh3 60. Rh1# 1-0

[Event "Guernsey Holiday op"]
[Site "Guernsey"]
[Date "2011.10.20"]
[Round "5"]
[White "Van Beek, Ronald"]
[Black "Goman, Colin"]
[Result "0-1"]
[WhiteElo "1374"]
[BlackElo "1631"]
[PlyCount "62"]
[EventDate "2011.10.16"]
[EventType "swiss"]
[EventRounds "7"]
[EventCountry "GCI"]
[SourceTitle "EXT 2015"]
[Source "ChessBase"]
[SourceDate "2014.11.20"]
[SourceVersion "1"]
[SourceVersionDate "2014.11.20"]
[SourceQuality "1"]

1. d4 d6 2. Nf3 Nf6 3. Nc3 Bf5 4. e3 a6 5. Bd3 e6 6. Bxf5 exf5 7. 0-0 d5 8. a3 Bd6 9. b4 Nc6 10. Re1 Ne7 11. h3 c6 12. Ne2 Qc7 13. Nf4 Ne4 14. Nh2 g5 15. f3 Nf6 16. e4 fxe4 17. fxe4 Nxe4 18. Ng4 gxf4 19. c4 h5 20. c5 hxg4 21. cxd6 Qxd6 22. Qxg4 Rg8 23. Qf3 Rg3 24. Bxf4 Rxf3 25. Bxd6 Rf5 26. Bh2 Kd7 27. g4 Rg5 28. Bf4 Rg6 29. Rf1 f5 30. Kh2 fxg4 31. Rg1 Rh8 0-1

[Event "Guernsey Holiday op"]
[Site "Guernsey"]
[Date "2011.10.17"]
[Round "2"]
[White "Brookes, Jean Paul"]
[Black "Goman, Colin"]
[Result "1-0"]
[WhiteElo "1597"]
[BlackElo "1631"]
[PlyCount "65"]
[EventDate "2011.10.16"]
[EventType "swiss"]
[EventRounds "7"]
[EventCountry "GCI"]
[SourceTitle "EXT 2015"]
[Source "ChessBase"]
[SourceDate "2014.11.20"]
[SourceVersion "1"]
[SourceVersionDate "2014.11.20"]
[SourceQuality "1"]

1. e4 d6 2. d4 Nf6 3. Nc3 g6 4. Be3 Bg7 5. Bc4 0-0 6. Qd2 b6 7. f3 Bb7 8. Bh6 c5 9. d5 Ba6 10. Bxa6 Nxa6 11. a3 Nc7 12. Bxg7 Kxg7 13. g4 e6 14. dxe6 fxe6 15. 0-0-0 d5 16. g5 Ng8 17. exd5 exd5 18. Nxd5 Nxd5 19. Qxd5 Qxd5 20. Rxd5 Rae8 21. Rd7+ Kh8 22. h4 Re1+ 23. Kd2 Rb1 24. h5 Rxf3 25. hxg6 Nf6 26. gxf6 Rf2+ 27. Ke3 Rxf6 28. Rhxh7+ Kg8 29. Rd8+ Rf8 30. Rxf8+ Kxf8 31. Ne2 Kg8 32. b3 Rg1 33. Nxg1 1-0

[Event "Guernsey op 33rd"]
[Site "Guernsey"]
[Date "2007.10.24"]
[Round "4"]
[White "Havenaar, Jan"]
[Black "Goman, Colin"]
[Result "1-0"]
[WhiteElo "2196"]
[BlackElo "1885"]
[PlyCount "101"]
[EventDate "2007.10.21"]
[EventType "swiss"]
[EventRounds "7"]
[EventCountry "GCI"]
[SourceTitle "EXT 2009"]
[Source "ChessBase"]
[SourceDate "2008.11.26"]
[SourceVersion "1"]
[SourceVersionDate "2008.11.26"]
[SourceQuality "1"]

1. Nc3 d5 2. e4 d4 3. Nce2 e5 4. Ng3 Be6 5. c3 c5 6. Bb5+ Nd7 7. Nf3 f6 8. Qe2 Rc8 9. Bc4 Bxc4 10. Qxc4 Ne7 11. 0-0 Nb6 12. Qb5+ Qd7 13. Qxd7+ Kxd7 14. d3 Nc6 15. c4 Na8 16. Ne1 Nc7 17. f4 a6 18. Nf3 g6 19. fxe5 fxe5 20. Ng5 h6 21. Nf3 Be7 22. Bd2 b5 23. b3 b4 24. Rf2 Ne6 25. Raf1 Rcf8 26. Ne2 g5 27. Ng3 Nf4 28. Ne1 h5 29. Nf5 h4 30. h3 Rfg8 31. Kh1 Nd8 32. Bxf4 exf4 33. Nf3 Nf7 34. a3 a5 35. axb4 axb4 36. Ra2 Ra8 37. Rfa1 Rxa2 38. Rxa2 Bf8 39. Ra7+ Ke6 40. Ra6+ Kd7 41. e5 Nd8 42. e6+ Ke8 43. Ne5 Rh7 44. Ng6 Rc7 45. Ra8 Be7 46. Ngxe7 Rxe7 47. Nd6+ Kf8 48. Rxd8+ Kg7 49. Nf5+ Kf6 50. Nxe7 Kxe7 51. Rd5 1-0

[Event "Guernsey op 33rd"]
[Site "Guernsey"]
[Date "2007.10.23"]
[Round "3"]
[White "Goman, Colin"]
[Black "Reutimann, Hans Peter"]
[Result "1/2-1/2"]
[WhiteElo "1885"]
[BlackElo "1787"]
[PlyCount "78"]
[EventDate "2007.10.21"]
[EventType "swiss"]
[EventRounds "7"]
[EventCountry "GCI"]
[SourceTitle "EXT 2009"]
[Source "ChessBase"]
[SourceDate "2008.11.26"]
[SourceVersion "1"]
[SourceVersionDate "2008.11.26"]
[SourceQuality "1"]

1. d4 d5 2. Nf3 Nf6 3. Bf4 e6 4. e3 c5 5. Be2 Nc6 6. 0-0 b6 7. c3 Be7 8. Nbd2 0-0 9. Qc2 Bb7 10. Rad1 Qc8 11. Ng5 h6 12. Nh3 Nh7 13. Bg3 f5 14. f4 Nf6 15. Bh4 cxd4 16. exd4 Nxd4 17. Qd3 Nxe2+ 18. Qxe2 Bc5+ 19. Kh1 Ng4 20. Rfe1 Ne3 21. Rc1 Qd7 22. b4 d4 23. Nf3 d3 24. Qd2 Nc4 25. Qd1 Bxf3 26. Qxf3 d2 27. bxc5 dxc1Q 28. Rxc1 bxc5 29. Bf2 Rac8 30. Qe2 Nb6 31. Rd1 Qc6 32. Qe5 Nd7 33. Qe2 Nf6 34. Qc4 Ne4 35. Be3 Rfd8 36. Re1 Qd5 37. Qa6 Rc7 38. Ng1 Nxc3 39. Qa5 Rcd7 1/2-1/2

[Event "Guernsey op 32nd"]
[Site "Grand Harve Bay"]
[Date "2006.10.16"]
[Round "2"]
[White "Goman, Colin"]
[Black "Dodgson, John A"]
[Result "1/2-1/2"]
[WhiteElo "1889"]
[BlackElo "2172"]
[PlyCount "53"]
[EventDate "2006.10.15"]
[EventType "swiss"]
[EventRounds "7"]
[EventCountry "GCI"]
[SourceTitle "EXT 2007"]
[Source "ChessBase"]
[SourceDate "2006.11.23"]
[SourceVersion "1"]
[SourceVersionDate "2006.11.23"]
[SourceQuality "1"]

1. d4 d5 2. Nf3 Nf6 3. e3 Bg4 4. Nbd2 Nbd7 5. c4 e6 6. b3 Bb4 7. a3 Bc3 8. Ra2 Ne4 9. Be2 c5 10. 0-0 Bxd2 11. Bxd2 0-0 12. Ne1 Bxe2 13. Qxe2 cxd4 14. exd4 Nxd2 15. Rxd2 Qa5 16. Nc2 dxc4 17. bxc4 Nb6 18. c5 Nd5 19. f4 b6 20. f5 exf5 21. Rxf5 Rae8 22. Qf2 Ne7 23. Re5 Nc6 24. Rxe8 Rxe8 25. Re2 Rxe2 26. Qxe2 Kf8 27. Qe4 1/2-1/2

[Event "Guernsey op 31st "]
[Site "Cobo Bay"]
[Date "2005.10.22"]
[Round "7"]
[White "Jamieson, Ian M"]
[Black "Goman, Colin"]
[Result "1-0"]
[WhiteElo "2026"]
[BlackElo "1919"]
[PlyCount "89"]
[EventDate "2005.10.16"]
[EventType "swiss"]
[EventRounds "7"]
[EventCountry "GCI"]
[SourceTitle "EXT 2006"]
[Source "ChessBase"]
[SourceDate "2005.11.24"]
[SourceVersion "1"]
[SourceVersionDate "2005.11.24"]
[SourceQuality "1"]

1. b4 e5 2. Bb2 d6 3. e3 Be6 4. c4 Nd7 5. Nf3 f6 6. Nc3 Ne7 7. d4 Ng6 8. h4 Nb6 9. d5 Bf7 10. Be2 Qd7 11. a4 c6 12. a5 Nc8 13. a6 Be7 14. h5 Nf8 15. axb7 Qxb7 16. Ba3 Nd7 17. Nh4 Bd8 18. Bf3 c5 19. bxc5 Ba5 20. Qd2 Qb3 21. 0-0 Bxc3 22. Qd3 Nxc5 23. Bxc5 Qb7 24. Qxc3 dxc5 25. d6 e4 26. d7+ Kxd7 27. Bg4+ Be6 28. Rfd1+ Ke7 29. Bxe6 Kxe6 30. Rd5 Nd6 31. Rxc5 Rhc8 32. Rxc8 Rxc8 33. c5 Nb5 34. Qc4+ Ke7 35. Nf5+ Kf8 36. Nd4 a6 37. c6 Qb6 38. Rc1 Nxd4 39. exd4 a5 40. d5 f5 41. d6 a4 42. Qe6 Re8 43. Qxf5+ Kg8 44. c7 a3 45. c8Q 1-0

[Event "Guernsey op 31st "]
[Site "Cobo Bay"]
[Date "2005.10.21"]
[Round "6"]
[White "Goman, Colin"]
[Black "Goris Schouwstra, Adry"]
[Result "1/2-1/2"]
[WhiteElo "1919"]
[BlackElo "1916"]
[PlyCount "80"]
[EventDate "2005.10.16"]
[EventType "swiss"]
[EventRounds "7"]
[EventCountry "GCI"]
[SourceTitle "EXT 2006"]
[Source "ChessBase"]
[SourceDate "2005.11.24"]
[SourceVersion "1"]
[SourceVersionDate "2005.11.24"]
[SourceQuality "1"]

1. d4 d5 2. Nf3 Nf6 3. e3 Bf5 4. c4 c6 5. Be2 dxc4 6. Bxc4 e6 7. 0-0 Be7 8. Nc3 0-0 9. Nh4 Bg4 10. Nf3 Nbd7 11. Be2 Rc8 12. Nd2 Bxe2 13. Qxe2 c5 14. dxc5 Nxc5 15. Rd1 Qc7 16. Nf3 Rfd8 17. Rxd8+ Rxd8 18. Bd2 a6 19. Be1 Nd3 20. Rd1 Nxe1 21. Rxd8+ Qxd8 22. Nxe1 Nd5 23. Nxd5 Qxd5 24. b3 Qe5 25. g3 h6 26. Nf3 Qh5 27. Kg2 Qd5 28. Qd2 Qc6 29. Qd1 Bf6 30. Kg1 e5 31. Ne1 e4 32. Qg4 Qc1 33. Qxe4 Qxe1+ 34. Kg2 Qa5 35. Qe8+ Kh7 36. Qxf7 Qxa2 37. Qxb7 Qc2 38. Qxa6 Qxb3 39. Qc6 Qd3 40. Qf3 Qd8 1/2-1/2